Geography of German Speaking Countries on a Map - Statistics

General Stats
  • This quiz has been taken 5,834 times
  • The average score is 34 of 71
Answers on the Map
Answers color-coded by a green-red scale on the quiz's map according to % correct below.
 
Answer Stats
Group of things Answer % Correct
Capital Berlin
96%
Capital Vienna
93%
Capital Bern
92%
City Hamburg
91%
City Munich
89%
Body of Water Rhine
87%
City Frankfurt
85%
City Zurich
85%
Body of Water Danube
81%
City Cologne
80%
Body of Water Lake Geneva
78%
City Salzburg
76%
Capital Vaduz
75%
City Dresden
73%
City Nuremberg
70%
Nature Area Black Forest
68%
City Basel
67%
Body of Water Elbe
67%
City Innsbruck
66%
City Hannover
65%
Canton/Federal State Baden-Württemberg
64%
City Graz
63%
Canton/Federal State Saarland
61%
Canton/Federal State Northrhine-Westphalia
60%
Canton/Federal State Mecklenburg-Vorpommern
59%
Mountain Matterhorn
58%
Body of Water North Sea
58%
Canton/Federal State Tyrol
57%
Body of Water Baltic Sea
55%
City Linz
55%
Other Area Ruhr Area
54%
Body of Water Main
53%
Canton/Federal State Thuringia
53%
City Lausanne
52%
Body of Water Lake Constance
48%
City Rostock
45%
Other Area Southern Schleswig
44%
City Lucerne
43%
Mountain Zugspitze
39%
City Erfurt
38%
City Karlsruhe
35%
Island Rügen
35%
Canton/Federal State Fribourg
33%
Canton/Federal State Burgenland
32%
City Kassel
32%
City Klagenfurt
32%
City Lugano
32%
City Regensburg
32%
City Flensburg
31%
Island Sylt
29%
Nature Area Harz
27%
Canton/Federal State Valais
27%
Body of Water Weser
27%
Mountain Grossglockner
26%
Nature Area Wadden Sea
25%
Body of Water Isar
24%
Canton/Federal State Uri
24%
Other Area Swabia
22%
Body of Water Lake Neuchatel
21%
Island East Frisian Islands
20%
Nature Area Bohemian Forest
19%
Body of Water Chiemsee
19%
Mountain Brocken
18%
Mountain Eiger
18%
Island Fehmarn
18%
Mountain Monte Rosa
15%
Body of Water Lake Neusiedl
13%
Body of Water Kiel Canal
10%
Body of Water Enns
9%
Mountain Piz Bernina
8%
Mountain Wildspitze
6%
No matching quizzes found
Score Distribution
Percent of People with Each Score
Percentile by Number Answered
Your Score History
You have not taken this quiz